| 000 -CABECERA |
| campo de control de longitud fija |
02011nam a2200337 a 4500 |
| 001 - NÚMERO DE CONTROL |
| campo de control |
1605830 |
| 003 - IDENTIFICADOR DEL NÚMERO DE CONTROL |
| campo de control |
OSt |
| 005 - FECHA Y HORA DE LA ÚLTIMA TRANSACCIÓN |
| campo de control |
20220607170628.0 |
| 008 - DATOS DE LONGITUD FIJA--INFORMACIÓN GENERAL |
| campo de control de longitud fija |
180828s2018 ck gr 000 f spa d |
| 020 ## - NÚMERO INTERNACIONAL ESTÁNDAR DEL LIBRO |
| Número Internacional Estándar del Libro |
9789585650572 |
| 040 ## - FUENTE DE LA CATALOGACIÓN |
| Centro catalogador/agencia de origen |
CO-BoBLA |
| Lengua de catalogación |
spa |
| Centro/agencia transcriptor |
CO-MqBPB |
| 041 1# - CÓDIGO DE LENGUA |
| Código de lengua del texto/banda sonora o título independiente |
spa |
| Código de lengua original |
ita |
| 043 ## - CÓDIGO DE ÁREA GEOGRÁFICA |
| Código de área geográfica |
e-it--- |
| 082 04 - NÚMERO DE LA CLASIFICACIÓN DECIMAL DEWEY |
| Número de clasificación |
AN |
| Número de documento/Ítem |
STRm |
| 100 1# - ENTRADA PRINCIPAL--NOMBRE DE PERSONA |
| Nombre de persona |
Strukul, Matteo, |
| Fechas asociadas al nombre |
1973- |
| 245 14 - MENCIÓN DE TÍTULO |
| Título |
Los Médici : |
| Resto del título |
una reina al poder / |
| Mención de responsabilidad, etc. |
Matteo Strukul |
| 260 ## - PUBLICACIÓN, DISTRIBUCIÓN, ETC. |
| Lugar de publicación, distribución, etc. |
Bogotá : |
| Nombre del editor, distribuidor, etc. |
Penguin Random House Grupo Editorial : |
| -- |
Barcelona : |
| -- |
Ediciones B, |
| Fecha de publicación, distribución, etc. |
2018. |
| 300 ## - DESCRIPCIÓN FÍSICA |
| Extensión |
421 páginas ; |
| Dimensiones |
23 cm. |
| 490 0# - MENCIÓN DE SERIE |
| Mención de serie |
Histórica |
| 500 ## - NOTA GENERAL |
| Nota general |
Reseña del libro<br/>Los medici una reina al poder Por Matteo Strukul ,Francia, 1536. Cuando el delfín Francisco de Valois, es asesinado,la posición de Catalina de Médici en la corte se complica: es la principal sospechosa del magnicidio. Francisco I, rey de Francia,es el único que cree en su inocencia. Sin embargo, Catalina se siente débil, y no solo porque su marido, Enrique II, prefiere a su amante, la temible Diana de Poitiers, sino porque no consigue tener una descendencia. Convencida de que es víctima de una maldición, busca la ayuda de de Nostradamus. Él es el único que podrá ayudarla a ser madre. Recomendado del librero. Los médici. Por Matteo Strukul. La tercera entrega de la saga histórica que recrea la vida y obra, de la familia más poderosa del renacimiento. Más de 400.000 ejemplares vendidos. Es una saga, pero vuela con el ritmo de un Thriller policíaco. Claro: los medici deberían tener protuario penal. |
| 534 ## - NOTA SOBRE LA VERSIÓN ORIGINAL |
| Frase introductoria |
Título original : |
| Mención de título del original |
Medici. Una familia al potere. |
| 600 04 - PUNTO DE ACCESO ADICIONAL DE MATERIA--NOMBRE DE PERSONA |
| Nombre de persona |
Medici (Familia) |
| Subdivisión de forma |
Novela. |
| 600 14 - PUNTO DE ACCESO ADICIONAL DE MATERIA--NOMBRE DE PERSONA |
| Nombre de persona |
Medici, Lorenzo de, |
| Fechas asociadas al nombre |
1449-1492 |
| Subdivisión de forma |
Novela. |
| 650 #4 - PUNTO DE ACCESO ADICIONAL DE MATERIA--TÉRMINO DE MATERIA |
| Término de materia o nombre geográfico como elemento de entrada |
Novela italiana. |
| 650 #4 - PUNTO DE ACCESO ADICIONAL DE MATERIA--TÉRMINO DE MATERIA |
| Término de materia o nombre geográfico como elemento de entrada |
Novela hist�rica. |
| 651 #4 - PUNTO DE ACCESO ADICIONAL DE MATERIA--NOMBRE GEOGRÁFICO |
| Nombre geográfico |
Florencia (Italia) |
| Subdivisión general |
Historia |
| Subdivisión de forma |
Novela. |
| 651 #4 - PUNTO DE ACCESO ADICIONAL DE MATERIA--NOMBRE GEOGRÁFICO |
| Nombre geográfico |
Italia |
| Subdivisión general |
Reyes y soberanos. |
| 700 1# - PUNTO DE ACCESO ADICIONAL--NOMBRE DE PERSONA |
| Nombre de persona |
Fern�ndez, Natalia, |
| Término indicativo de función/relación |
traductora. |
| 942 ## - ELEMENTOS DE PUNTO DE ACCESO ADICIONAL (KOHA) |
| Fuente del sistema de clasificación o colocación |
|
| Tipo de ítem Koha |
Libro Literatura |
| 949 ## - PROCESAMIENTO DE INFORMACIÓN LOCAL (OCLC) |
| a |
n |
| b |
n |